Antología de cuentos de la Revista Monteagudo
Wedi'i Gadw mewn:
| Fformat: | Llyfr |
|---|---|
| Iaith: | Sbaeneg |
| Cyhoeddwyd: |
Murcia
Universidad de Murcia
1994
|
| Pynciau: | |
| Tagiau: |
Ychwanegu Tag
Dim Tagiau, Byddwch y cyntaf i dagio'r cofnod hwn!
|
MARC
| LEADER | 00000nam a2200000 a 4500 | ||
|---|---|---|---|
| 001 | UCZ1717 | ||
| 003 | CL-VaPUC | ||
| 008 | 950831e19940000SP |||||||||||||||||spa|d | ||
| 082 | 0 | 4 | |a 863 |b ANT |2 21 |
| 245 | 1 | 0 | |a Antología de cuentos de la Revista Monteagudo |
| 300 | |a 206 p | ||
| 942 | |c BK | ||
| 945 | |d 19950831 00:00:00 |a rbrito | ||
| 260 | |a Murcia |b Universidad de Murcia |c 1994 | ||
| 650 | 0 | |a Cuentos españoles |9 267960 | |
| 583 | |a last modification |c 19950831 00:00:00 |k Rodrigo Vera | ||
| 999 | |c 238423 |d 238421 | ||
| 952 | |0 0 |1 0 |4 0 |6 863_000000000000000_ANT_1994 |7 0 |8 A |9 248598 |a BIBEDU |b BIBEDU |d 2019-11-18 |i 312567K |o 863 ANT 1994 |p 312567K |r 2019-11-18 |w 2019-11-18 |y BK |k LIT | ||